00720nam a2200169 a 450000100100000000500170001000800410002704000250006810000310009324500840012426000520020830000210026050000730028104900090035495201700036399900170053300003324320200930070124.0110823s1973 xxu 000 0 spa d aDO-SdBNPbspacBNPHU1 aClausner, Marlin D.95886810aRural Santo Domingo :bsettled, unsettled, and resettled /cMarlin D. Clausner. aPhiladelphia :bTemple University Press,c1973. a323 p. ;c24 cm. aIncluye referencias bibliográficas y notas al pie de las páginas aBNPD 001050718MOaPDbPDcHDd2011-08-23iLF1l0o p33243-10r2020-06-25w2020-06-25y1zPerteneció a la biblioteca personal de Germán Emilio Ornes.ZNo se presta c32734d32734